Presència del renaixement a València : arquitectura i pintura / estudi i catalogació, Fernando Benito, Joaquín Bérchez arquitectura i pintura / estudi i catalogació, Fernando Benito, Joaquín Bérchez
Publicado:
València :
Conselleria de Cultura de la Generalitat Valenciana : Institució Alfons el Magnànim. Excma. Diputació Provincial de València ,
1982
Descripción Física:
200 p. : il. ; 25 cm
MARC
| LEADER | 00000nam a2200000Ia 4500 | ||
|---|---|---|---|
| 001 | 1603 | ||
| 008 | 160829s1982 xx 000 0 cat d | ||
| 080 | |a B-1-116 | ||
| 100 | |a Benito Domènech, Fernando |9 36641 | ||
| 245 | |a Presència del renaixement a València : |b arquitectura i pintura / estudi i catalogació, Fernando Benito, Joaquín Bérchez | ||
| 250 | |a 2a ed. | ||
| 260 | |a València : |b Conselleria de Cultura de la Generalitat Valenciana : |b Institució Alfons el Magnànim. Excma. Diputació Provincial de València, |c 1982 | ||
| 300 | |a 200 p. : |b il. ; |c 25 cm | ||
| 590 | |a Textos en català i castellà. | ||
| 650 | |a Arquitectura del Renaixement |x País València |x Exposicions |9 36642 | ||
| 650 | |a Pintura del Renaixement |x País Valencià |x Exposicions |9 36643 | ||
| 700 | |a Bérchez, Joaquín |9 36644 | ||
| 700 | |a València. Conselleria de Cultura |9 36645 | ||
| 901 | |a Arxiu | ||
| 942 | |n 1 | ||
| 952 | |0 0 |1 0 |4 0 |6 B1116 |7 1 |9 47409 |a Arxiu |b Arxiu |d 2016-12-01 |l 0 |o B-1-116 |p 1603 |r 2016-12-01 00:00:00 |w 2016-12-01 |y ARXIU | ||
| 999 | |c 51207 |d 51207 | ||